Music Quiz

Random Music or The Beatles Quiz

Beatles by cover versions Quiz Stats

 Plays Quiz not verified by Sporcle

Score 0/32 Timer 12:00
0 Plays Today
Time Beatles song % Correct
0:49-0:59Come Together
91.8%
0:01-0:11Help
86.1%
1:01-1:11I Am The Walrus
85.6%
3:37-3:47Yesterday
76.3%
2:37-2:47Strawberry Fields Forever
74.3%
0:25-0:35While My Guitar Gently Weeps
73.9%
2:13-2:23Lady Madonna
72.8%
4:01-4:11Day Tripper
72.5%
1:49-1:59Helter Skelter
72%
4:13-4:23Get Back
71.6%
0:37-0:47A Day In The Life
71.1%
6:13-6:23Can't Buy Me Love
68.8%
3:13-3:23I Want To Hold Your Hand
65.9%
4:25-4:35Revolution
62.7%
2:49-2:59A Hard Days Night
62.7%
5:13-5:23Back In The U.S.S.R.
62.5%
Time Beatles song % Correct
5:37-5:47We Can Work It Out
60.8%
5:25-5:35In My Life
60.3%
0:13-0:23Golden Slumbers
60.1%
5:49-5:59You've Got To Hide Your Love Away
58.3%
2:25-2:35Got To Get You Into My Life
58.3%
4:37-4:47Being For The Benefit Of Mr. Kite
55.7%
4:49-4:59Because
54.2%
1:37-1:47Maxwell's Silver Hammer
49.2%
3:25-3:35Here There And Everywhere
46%
3:49-3:59I'm Only Sleeping
46%
1:25-1:35Don't Let Me Down
45.2%
2:01-2:11Dear Prudence
40.9%
6:01-6:11Tell Me Why
30.2%
5:01-5:11Mother Nature's Son
26.4%
1:13-1:23Here Comes The Sun
21.5%
3:01-3:11If I Fell
18%

You're not logged in!

Compare scores with friends on all Sporcle quizzes.
OR
Log In

Show Comments

Extras

Top Quizzes Today


Score Distribution

Your Account Isn't Verified!

In order to create a playlist on Sporcle, you need to verify the email address you used during registration. Go to your Sporcle Settings to finish the process.

Report this User

Report this user for behavior that violates our Community Guidelines.

Details: